000 00444nam a2200157 a 4500
005 20140414093845.0
008 091124s19uu xx 00 eng d
050 _aCD 800
_bADV 2007
100 _aTwain, Mark
245 _aThe Adventures of Tom Sawyer /
_cMark Twain.
260 _bThomson Heinle,
_cc2007.
440 _aIllustrated Classics Collection
650 _aTom (Fictitious character)
_xFiction
942 _cAVM
999 _c109559
_d109559